000 00517nam a2200193Ia 4500
008 131103s9999 xx 000 0 und d
020 _a751310506
040 _aLoreto College
041 _aEnglish
082 _aREF
_bLCBED/12041
100 _aKindersley, Dorling
245 _aUltimate visual dictionary
_cDorling Kindersley
260 _aLondon
_bDorling Kindersley
_c1994
300 _a640p.
_b ill., pic.
_c 24cm.
504 _aIncludes index
650 _aRefarence
850 _aLCBED/REF
942 _cBK
999 _c31772
_d82251